| 000 | 00510pam a2200181 a 4500 | ||
|---|---|---|---|
| 020 |
_a9780340808757 _c1716 |
||
| 041 |
_aeng _hNULL |
||
| 082 |
_a618.2 _bLUE/BAK |
||
| 100 | _aLUESLEY, D. M., BAKER P. N. | ||
| 245 |
_aOBSTETRICS AND GYNAECOLOGY : AN EVIDENCE - BASED TEXT FOR MRCOG / _cNULL. _hTextual Documents |
||
| 260 |
_aNULL : _bARNOLD , _c2004. |
||
| 300 |
_a784 : : _bXII ; ; _cA4 . + _ePB. |
||
| 365 |
_a1716 _e1 |
||
| 907 | _a5675 | ||
| 930 | _a2293 | ||
| 999 |
_c796829 _d796829 |
||
| 650 | _aOBST.GYNE | ||